A Revolutionary Scientist EINSTEIN and his ideas (Record no. 3758)

MARC details
000 -LEADER
fixed length control field 00245nam a22000857a 4500
008 - FIXED-LENGTH DATA ELEMENTS--GENERAL INFORMATION
fixed length control field 161108b xxu||||| |||| 00| 0 eng d
100 ## - MAIN ENTRY--PERSONAL NAME
9 (RLIN) 1097
Personal name Chatterjee s
245 ## - TITLE STATEMENT
Title A Revolutionary Scientist EINSTEIN and his ideas
260 ## - PUBLICATION, DISTRIBUTION, ETC. (IMPRINT)
Place of publication, distribution, etc. New Delhi
Name of publisher, distributor, etc. N B T
Date of publication, distribution, etc. 2007
Holdings
Withdrawn status Lost status Source of classification or shelving scheme Damaged status Koha normalized classification for sorting Not for loan Home library Current library Shelving location Date acquired Total Checkouts Full call number Barcode Date last seen Date last checked out Price effective from Koha item type
    Dewey Decimal Classification   500_000000000000000   Good Samaritan School Library Good Samaritan School Library Science 11/08/2016 3 500 CHA5022 11/26/2019 11/23/2019 11/08/2016 BOOK

Powered by Koha